000 00778nam a2200205 a 4500
001 BRCA_6066
005 20190320205323.0
008 170608s1995----mx-a---###---#000-0#spa-#
050 4 _aN8560
_b.L34 1995
100 1 _aLagunes Vessels, Annette
_915321
245 1 0 _aManual de limpieza y conservación de obras de arte para el personal de mantenimiento del Banco de México.
260 _aCiudad de México
_c1995
300 _a62 p.
_bil.
_e1 manual
502 _aTesis Licenciatura (Licenciado en Diseño Gráfico) Universidad Iberoamericana
610 2 4 _aBanco Nacional de México
_xPersonal de mantenimiento
_915322
650 1 4 _aArte
_vManuales
_xConservación y restauración
_915323
650 1 4 _aConservación de obras de arte
_915324
902 _aTES
942 _2lcc
_cTES
999 _c5753
_d5753